| 000 | 00442cam a2200157 4500 | ||
|---|---|---|---|
| 020 | _a0716703335 | ||
| 082 | 0 | 0 |
_a523.88 _bMIH _cL-27, P-114 |
| 100 | 1 |
_aMihalas, Dimitri, _939538 |
|
| 245 | 1 | 0 | _aStellar atmospheres. |
| 260 |
_aSan Francisco, _bW. H. Freeman _c[1970] |
||
| 300 |
_axiv, 463 p. _billus. _c25 cm. |
||
| 526 |
_a0 _b0 _c0 _d523_880000000000000_MIH |
||
| 650 | 0 |
_aMCE _9379 |
|
| 650 | 0 |
_aStars _xAtmospheres. _939539 |
|
| 942 |
_2ddc _cBK |
||
| 999 |
_c544010 _d544010 |
||